Kluby w Ligue1 w sezonie 2023/24 - Statystyki

Ogólne statystyki
  • Ten quiz został rozwiązany 184 razy
  • Średni wynik to 10 z 18
Statystyki odpowiedzi
Klub % Poprawnych
PSG
100%
Olympique Marsylia
86%
Olympique Lyon
83%
Monaco
78%
Nice
62%
Lens
59%
Lille OSC
59%
Stade Brestois
56%
Stade Rennes
52%
Nantes
47%
Stade de Reims
46%
Strasbourg
42%
Toulouse
39%
Clermont Foot
32%
Montpellier
32%
Le Havre
28%
Metz
28%
Lorient
25%
Nie znaleziono quizów pasujących do podanych kryteriów
Rozkład punktacji
Procent ludzi z każdym wynikiem
Percentyl według liczby udzielonych odpowiedzi
Twoja historia wyników
Nie rozwiązałeś tego quizu